Welcome to the Holygrace Academy Library

Please use search bar below to get started

WUIZ WHIZ: SUPER FUN MIND-BENDING TOTALLY AWESOME TRIVIA QUESTIONS (Record no. 2073)

MARC details
000 -LEADER
fixed length control field 00308nam a22001097a 4500
082 ## - DEWEY DECIMAL CLASSIFICATION NUMBER
Classification number 001
Item number NAT/Q-2
245 ## - TITLE STATEMENT
Title WUIZ WHIZ: SUPER FUN MIND-BENDING TOTALLY AWESOME TRIVIA QUESTIONS
260 ## - PUBLICATION, DISTRIBUTION, ETC. (IMPRINT)
Place of publication WASHINGTON
Name of publisher NATIONAL GEOGRAPHIC SOCIETY
300 ## - PHYSICAL DESCRIPTION
Number of Pages 170
650 ## - SUBJECT ADDED ENTRY--TOPICAL TERM
Topical Term GENERAL KNOWLEDGE
Geographic subdivision WASHINGTON
942 ## - ADDED ENTRY ELEMENTS (KOHA)
Koha item type Books
Holdings
Withdrawn status Lost status Collection code Home library Current library Shelving location Date acquired Source of acquisition Full call number Accession Number Koha item type
    Reference Main Library Main Library SHELF 2-A SCIENCE IN OUR WORLD,FUNK7WAGNALLS ENCYCLO,,FIRST AID ,Y2K,MEDICAL 28/11/2019 PURCHASE 001 NAT/Q-2 12118 Books